[Event "Muenster op-A 39th"]
[Site "Muenster"]
[Date "2022.10.02"]
[Round "2"]
[White "Wallhof, Dieter"]
[Black "Goldschmidt, Christian"]
[Result "0-1"]
[WhiteElo "1902"]
[BlackElo "2226"]
[PlyCount "72"]
[EventDate "2022.10.01"]
[EventType "swiss"]
[EventRounds "9"]
[EventCountry "GER"]
[SourceTitle "EXT 2023"]
[Source "ChessBase"]
[SourceDate "2022.10.05"]
[SourceVersion "1"]
[SourceVersionDate "2022.10.05"]
[SourceQuality "1"]

1. Nf3 d5 2. c4 e6 3. e3 c5 4. d4 Nf6 5. Nc3 a6 6. dxc5 Bxc5 7. a3 0-0 8. b4 Ba7 9. Bb2 Nc6 10. Qc2 Qc7 11. cxd5 exd5 12. Ne2 Ne4 13. Ned4 Qd6 14. Bd3 Re8 15. Nxc6 bxc6 16. Rc1 Nxf2 17. Kxf2 Bxe3+ 18. Kf1 Bxc1 19. Qxc1 f6 20. Bd4 a5 21. Bc5 Qc7 22. Qc2 Ba6 23. Bxa6 Rxa6 24. Kf2 axb4 25. Bxb4 Qf4 26. Qd3 Raa8 27. g3 Qg4 28. Rc1 Re6 29. Rc2 Qh3 30. Re2 Rae8 31. Rxe6 Rxe6 32. Qa6 h5 33. Qd3 Re4 34. Qc2 Rc4 35. Qg6 Re4 36. Kg1 Re2 0-1

[Event "Bremen Silvester op"]
[Site "Bremen"]
[Date "2021.12.30"]
[Round "7"]
[White "Wachinger, Nikolas"]
[Black "Goldschmidt, Christian"]
[Result "1-0"]
[WhiteElo "2360"]
[BlackElo "2200"]
[PlyCount "89"]
[EventDate "2021.12.21"]
[EventType "swiss"]
[EventRounds "7"]
[EventCountry "GER"]
[SourceTitle "CBM 205 Extra"]
[Source "ChessBase"]
[SourceDate "2022.01.31"]
[SourceVersion "1"]
[SourceVersionDate "2022.01.31"]
[SourceQuality "1"]

1. d4 d5 2. c4 e6 3. Nc3 c5 4. cxd5 cxd4 5. Qa4+ Bd7 6. Qxd4 exd5 7. Qxd5 Nc6 8. Nf3 Nf6 9. Qd1 Bc5 10. a3 Qe7 11. Bg5 0-0-0 12. Nd5 Bxf2+ 13. Kxf2 Qc5+ 14. Ke1 Bf5 15. Rc1 Qxd5 16. Qxd5 Rxd5 17. Bxf6 gxf6 18. e3 Kb8 19. Bc4 Rd7 20. Kf2 Be4 21. Rhd1 Rhd8 22. Nd4 Ne5 23. Be2 f5 24. h3 f4 25. exf4 Nd3+ 26. Bxd3 Rxd4 27. Be2 Bc6 28. g3 Kc7 29. Rxd4 Rxd4 30. Rd1 Re4 31. Bd3 Rd4 32. Bc2 Rxd1 33. Bxd1 Kd6 34. Ke3 Kc5 35. g4 Bd7 36. h4 h6 37. g5 hxg5 38. fxg5 Bf5 39. h5 Kd6 40. Kf4 Bd3 41. h6 Ke7 42. Ke5 b6 43. Bg4 Kf8 44. Kf6 Kg8 45. Bh5 1-0

[Event "NRW Class1 1819"]
[Site "Germany"]
[Date "2018.09.16"]
[Round "1.4"]
[White "Nissen, Claus"]
[Black "Goldschmidt, Christian"]
[Result "0-1"]
[WhiteElo "2138"]
[BlackElo "2174"]
[PlyCount "44"]
[EventDate "2018.09.16"]
[EventType "team-tourn"]
[EventRounds "9"]
[EventCountry "GER"]
[SourceTitle "EXT 2022"]
[Source "ChessBase"]
[SourceDate "2021.10.06"]
[SourceVersion "1"]
[SourceVersionDate "2021.10.06"]
[SourceQuality "1"]
[WhiteTeam "Oberhausen SV"]
[BlackTeam "Brackel SF"]
[WhiteTeamCountry "GER"]
[BlackTeamCountry "GER"]

1. d4 d5 2. c4 e6 3. Nc3 c6 4. Nf3 dxc4 5. e3 b5 6. a4 Bb4 7. Ne5 Nf6 8. Qf3 0-0 9. axb5 Nd5 10. e4 Nxc3 11. bxc3 Qxd4 12. Ra3 Qxe5 13. cxb4 cxb5 14. Bxc4 bxc4 15. Ra5 Qf6 16. Qg3 Nc6 17. Rg5 e5 18. Be3 h6 19. h4 hxg5 20. hxg5 Qg6 21. Qh4 f5 22. Bc5 Be6 0-1

[Event "Pfalz op-A 9th"]
[Site "Neustadt an der Weinstrasse"]
[Date "2018.02.10"]
[Round "2"]
[White "Kunin, Vitaly L"]
[Black "Goldschmidt, Christian"]
[Result "1-0"]
[WhiteElo "2574"]
[BlackElo "2209"]
[PlyCount "45"]
[EventDate "2018.02.09"]
[EventType "swiss"]
[EventRounds "9"]
[EventCountry "GER"]
[SourceTitle "CBM 182 Extra"]
[Source "ChessBase"]
[SourceDate "2018.02.23"]
[SourceVersion "1"]
[SourceVersionDate "2018.02.23"]
[SourceQuality "1"]

1. d4 d5 2. c4 e6 3. Nc3 c5 4. cxd5 cxd4 5. Qa4+ Bd7 6. Qxd4 exd5 7. Qxd5 Nc6 8. Nf3 Nf6 9. Qd1 Bc5 10. e3 Qe7 11. Be2 0-0-0 12. 0-0 g5 13. b4 Bxb4 14. Bb2 Rhg8 15. Qc2 Kb8 16. Rfd1 g4 17. Nd4 Nxd4 18. Rxd4 g3 19. hxg3 Rxg3 20. fxg3 Qxe3+ 21. Kh2 Qxd4 22. Nb5 Qb6 23. Be5+ 1-0

[Event "NRW Class1 1718"]
[Site "Germany"]
[Date "2017.12.17"]
[Round "4.5"]
[White "Himpenmacher, Andy"]
[Black "Goldschmidt, Christian"]
[Result "1/2-1/2"]
[WhiteElo "2163"]
[BlackElo "2131"]
[PlyCount "112"]
[EventDate "2017.09.17"]
[EventType "team-tourn"]
[EventRounds "9"]
[EventCountry "GER"]
[SourceTitle "EXT 2019"]
[Source "ChessBase"]
[SourceDate "2018.10.10"]
[SourceVersion "1"]
[SourceVersionDate "2018.10.10"]
[SourceQuality "1"]
[WhiteTeam "Lieme"]
[BlackTeam "Brackel"]
[WhiteTeamCountry "GER"]
[BlackTeamCountry "GER"]

1. e4 e5 2. Nf3 Nc6 3. Bb5 Nge7 4. 0-0 g6 5. d4 exd4 6. Bg5 Bg7 7. c3 h6 8. Bh4 a6 9. Bxc6 dxc6 10. Nxd4 c5 11. Nc2 Qxd1 12. Rxd1 f5 13. Bxe7 Kxe7 14. Ne3 fxe4 15. Nd2 Bf5 16. g4 Be6 17. Nxe4 b6 18. f4 Rhf8 19. f5 gxf5 20. gxf5 Rxf5 21. Nxf5+ Bxf5 22. Re1 Kd7 23. Ng3 Bg4 24. Re4 h5 25. Rf1 Rf8 26. Rxf8 Bxf8 27. Kg2 b5 28. b3 c4 29. bxc4 Bg7 30. cxb5 axb5 31. c4 bxc4 32. Rxc4 Be5 33. Ne4 Ke6 34. Rc5 Bf5 35. Ng3 Bg6 36. a4 h4 37. Ne2 Bf5 38. Ng1 h3+ 39. Nxh3 Be4+ 40. Kf1 Kd6 41. Rxe5 Kxe5 42. Ke2 Kd4 43. Nf4 Bf5 44. Kd2 Kc4 45. Ne2 Kb4 46. Nc3 Bh3 47. Nd5+ Kxa4 48. Nxc7 Kb4 49. Ke3 Kc5 50. Kf4 Kd6 51. Nb5+ Ke7 52. Kg5 Kf8 53. Kg6 Bf1 54. Nd4 Bd3+ 55. Kh6 Kg8 56. h4 Bb1 1/2-1/2

[Event "NRW Class1 1718"]
[Site "Germany"]
[Date "2017.11.19"]
[Round "3.5"]
[White "Goldschmidt, Christian"]
[Black "Peters, Alex"]
[Result "1/2-1/2"]
[WhiteElo "2131"]
[BlackElo "2178"]
[PlyCount "114"]
[EventDate "2017.09.17"]
[EventType "team-tourn"]
[EventRounds "9"]
[EventCountry "GER"]
[SourceTitle "EXT 2019"]
[Source "ChessBase"]
[SourceDate "2018.10.10"]
[SourceVersion "1"]
[SourceVersionDate "2018.10.10"]
[SourceQuality "1"]
[WhiteTeam "Brackel"]
[BlackTeam "Bruehl"]
[WhiteTeamCountry "GER"]
[BlackTeamCountry "GER"]

1. e4 e6 2. d4 d5 3. Nc3 dxe4 4. Nxe4 Bd7 5. Bd3 Bc6 6. Nf3 Nd7 7. c3 Be7 8. Bf4 Ngf6 9. Nxf6+ Bxf6 10. 0-0 0-0 11. Qe2 b6 12. Rad1 Re8 13. Rfe1 Bb7 14. Ne5 Qe7 15. Qh5 g6 16. Qh3 Nxe5 17. Bxe5 Rad8 18. Qg3 Bxe5 19. Qxe5 Rd5 20. Qe2 Rd6 21. Be4 Bxe4 22. Qxe4 c6 23. Rd3 Red8 24. h4 c5 25. Red1 Qd7 26. h5 f5 27. Qh4 e5 28. hxg6 hxg6 29. Rh3 Qg7 30. d5 R8d7 31. c4 Qf6 32. Qh6 Qg7 33. Qe3 Qf6 34. Re1 e4 35. b3 Re7 36. Qf4 g5 37. Qh2 f4 38. Rh5 e3 39. fxe3 Rxe3 40. Rf1 Rd7 41. Rh6 Qd4 42. Kh1 Ree7 43. Qh5 Qe5 44. Qg6+ Qg7 45. Qh5 Qxh6 46. Qxh6 Rh7 47. Qxh7+ Rxh7+ 48. Kg1 Re7 49. Kf2 Kg7 50. g3 fxg3+ 51. Kxg3 Re4 52. Rf2 Rd4 53. Re2 Kf7 54. Kf3 b5 55. Re4 Rd2 56. Re2 Rd4 57. Re4 Rd2 1/2-1/2

[Event "Ruhrgebiet Regionalliga 1516"]
[Site "Germany"]
[Date "2015.12.06"]
[Round "4.3"]
[White "Goldschmidt, Christian"]
[Black "Boehm, Ingo"]
[Result "1/2-1/2"]
[WhiteElo "2135"]
[BlackElo "2008"]
[PlyCount "82"]
[EventDate "2015.09.13"]
[EventType "team-tourn"]
[EventRounds "9"]
[EventCountry "GER"]
[SourceTitle "EXT 2022"]
[Source "ChessBase"]
[SourceDate "2021.10.06"]
[SourceVersion "1"]
[SourceVersionDate "2021.10.06"]
[SourceQuality "1"]
[WhiteTeam "Brackel SF"]
[BlackTeam "Bochum-Linden"]
[WhiteTeamCountry "GER"]
[BlackTeamCountry "GER"]

1. e4 d6 2. d4 g6 3. Nc3 Nf6 4. f3 c6 5. Be3 Nbd7 6. Qd2 b5 7. g4 Qa5 8. g5 Nh5 9. Nce2 Qxd2+ 10. Kxd2 Nb6 11. Ng3 Nxg3 12. hxg3 Bg7 13. Rb1 Bd7 14. Bd3 Rc8 15. c3 c5 16. Ne2 cxd4 17. Bxd4 e5 18. Be3 d5 19. Bxb6 dxe4 20. Bxe4 axb6 21. a3 h6 22. gxh6 Bxh6+ 23. Kc2 Ke7 24. Rbd1 Bg7 25. Nc1 Be6 26. g4 f5 27. gxf5 gxf5 28. Bb7 Rxh1 29. Rxh1 Rc7 30. Ba8 Bc4 31. Rd1 Bf6 32. Nd3 Rd7 33. b3 Be6 34. Bc6 e4 35. fxe4 fxe4 36. Bxd7 exd3+ 37. Rxd3 Bxd7 38. Re3+ Kd6 39. Rd3+ Kc7 40. Rf3 Be7 41. Kb2 Bd6 1/2-1/2

[Event "Ruhrgebiet Regionalliga 1415"]
[Site "Germany"]
[Date "2014.12.21"]
[Round "4.2"]
[White "Koehn, Peter"]
[Black "Goldschmidt, Christian"]
[Result "0-1"]
[WhiteElo "2221"]
[BlackElo "2178"]
[PlyCount "120"]
[EventDate "2014.09.28"]
[EventType "team-tourn"]
[EventRounds "9"]
[EventCountry "GER"]
[SourceTitle "EXT 2022"]
[Source "ChessBase"]
[SourceDate "2021.10.06"]
[SourceVersion "1"]
[SourceVersionDate "2021.10.06"]
[SourceQuality "1"]
[WhiteTeam "Wattenscheid SV II"]
[BlackTeam "Brackel SF"]
[WhiteTeamCountry "GER"]
[BlackTeamCountry "GER"]

1. c4 Nf6 2. g3 g6 3. Bg2 Bg7 4. Nc3 d6 5. e4 e5 6. Nge2 Nc6 7. d3 0-0 8. 0-0 Nd4 9. Nxd4 exd4 10. Ne2 Ne8 11. Rb1 c6 12. b4 Nc7 13. Bd2 Bg4 14. h3 Bd7 15. Bf4 Be5 16. Bh6 Re8 17. Qd2 Qe7 18. Kh2 Rab8 19. Rbe1 b5 20. a3 c5 21. f4 Bh8 22. bxc5 dxc5 23. cxb5 Rxb5 24. e5 Reb8 25. Bg5 Qe8 26. Rc1 Ne6 27. Bh6 Bg7 28. Bxg7 Nxg7 29. g4 Qe7 30. Ng3 Ne8 31. Rc2 Rb3 32. Ne4 R8b5 33. a4 Rb8 34. Nxc5 Ra3 35. Rc4 Be6 36. Nxe6 Qxe6 37. Rfc1 h5 38. Kg3 Ng7 39. Rxd4 g5 40. Be4 Ra2 41. Qe3 h4+ 42. Kf3 Rh2 43. Qg1 Rxh3+ 44. Kf2 Qa2+ 45. Kf1 Ne6 46. Rdc4 Nxf4 47. Qd4 Qe2+ 48. Kg1 Qxg4+ 49. Kf1 Qe2+ 50. Kg1 Rg3+ 51. Kh1 Rxd3 52. Qa1 Rb2 53. Qxb2 Rh3+ 54. Kg1 Rg3+ 55. Kh1 Qxb2 56. e6 Rh3+ 57. Kg1 Nxe6 58. Rc8+ Kg7 59. R8c4 Rh2 60. Bc2 Rd2 0-1

[Event "Ruhrgebiet Regionalliga 1314"]
[Site "Ruhrgebiet"]
[Date "2014.02.09"]
[Round "6.2"]
[White "Roitburd, Talic"]
[Black "Goldschmidt, Christian"]
[Result "1-0"]
[WhiteElo "2082"]
[BlackElo "2205"]
[PlyCount "91"]
[EventDate "2013.09.22"]
[EventType "team-tourn"]
[EventRounds "9"]
[EventCountry "GER"]
[SourceTitle "EXT 2024"]
[Source "ChessBase"]
[SourceDate "2023.10.10"]
[SourceVersion "1"]
[SourceVersionDate "2023.10.10"]
[SourceQuality "1"]
[WhiteTeam "Muelheim Nord III"]
[BlackTeam "Brackel"]
[WhiteTeamCountry "GER"]
[BlackTeamCountry "GER"]

1. e4 d6 2. d4 Nf6 3. Nc3 g6 4. Be3 Nbd7 5. f3 a6 6. Qd2 b5 7. g4 Nb6 8. Bd3 Nfd7 9. Qf2 Bg7 10. h4 h5 11. g5 b4 12. Nd1 0-0 13. Ne2 c5 14. c3 bxc3 15. bxc3 Na4 16. f4 Rb8 17. f5 Qa5 18. 0-0 Nb2 19. Nxb2 Rxb2 20. Bc1 Rxa2 21. Rb1 Qa4 22. Be3 c4 23. Rb4 Qxb4 24. cxb4 cxd3 25. Re1 Bb7 26. Qf3 dxe2 27. Bf2 Rc8 28. fxg6 Rf8 29. gxf7+ Rxf7 30. Qb3 Bxe4 31. Qxa2 d5 32. Rxe2 Nf8 33. Qxa6 Rf4 34. Qa7 Rg4+ 35. Kf1 Bd3 36. Ke1 Bxe2 37. Kxe2 Re4+ 38. Kd2 e5 39. Qa8 exd4 40. Qxd5+ Re6 41. Bxd4 Bxd4 42. Qxd4 Re7 43. Kc3 Kf7 44. b5 Ne6 45. Qf6+ Ke8 46. b6 1-0

[Event "Ruhrgebiet Regionalliga 1213"]
[Site "Nordrheinwestfalen"]
[Date "2013.04.14"]
[Round "8.1"]
[White "Thiel, Thomas"]
[Black "Goldschmidt, Christian"]
[Result "1-0"]
[WhiteElo "2255"]
[BlackElo "2180"]
[PlyCount "145"]
[EventDate "2012.09.09"]
[EventType "team-tourn"]
[EventRounds "9"]
[EventCountry "GER"]
[SourceTitle "EXT 2020"]
[Source "ChessBase"]
[SourceDate "2019.10.17"]
[SourceVersion "1"]
[SourceVersionDate "2019.10.17"]
[SourceQuality "1"]
[WhiteTeam "Wattenscheid SV III"]
[BlackTeam "Brackel SF"]
[WhiteTeamCountry "GER"]
[BlackTeamCountry "GER"]

1. e4 d6 2. Nc3 Nf6 3. d4 g6 4. g3 Bg7 5. Bg2 0-0 6. Nge2 Nc6 7. h3 e5 8. Be3 Bd7 9. 0-0 exd4 10. Nxd4 Nxd4 11. Bxd4 Bc6 12. Re1 Re8 13. Qd3 Nd7 14. Bxg7 Kxg7 15. b4 f6 16. f4 b6 17. Rad1 a5 18. b5 Bb7 19. Qd4 Nc5 20. e5 Bxg2 21. exf6+ Qxf6 22. Qxf6+ Kxf6 23. Kxg2 Kf7 24. Nd5 Re4 25. Nxc7 Rc8 26. Nd5 Rxe1 27. Rxe1 Ne6 28. Re2 Rc5 29. Nxb6 Rxb5 30. Nc4 Ke7 31. c3 Rc5 32. Ne3 Kd7 33. c4 Nd4 34. Rb2 Nf5 35. Nd5 Ke6 36. Re2+ Kf7 37. Re4 h5 38. g4 hxg4 39. hxg4 Ng7 40. Kf3 Rc8 41. Re7+ Kf8 42. Rc7 Re8 43. Ra7 Ne6 44. Rxa5 Nd4+ 45. Kg3 Re2 46. Ra8+ Kf7 47. Ra7+ Kf8 48. a4 Rc2 49. Ne7 Ne2+ 50. Kf3 Ng1+ 51. Ke4 Re2+ 52. Kd5 Rxe7 53. Rxe7 Kxe7 54. Kc6 Ne2 55. a5 Nd4+ 56. Kb6 Kd7 57. a6 Nc6 58. a7 Nxa7 59. Kxa7 d5 60. c5 Kc6 61. f5 gxf5 62. g5 d4 63. g6 d3 64. g7 d2 65. g8Q d1Q 66. Qc8+ Kb5 67. c6 Qd4+ 68. Kb8 Qd6+ 69. c7 f4 70. Qb7+ Kc4 71. Qe4+ Kc3 72. Kb7 Qd7 73. Qc6+ 1-0

[Event "Ruhrgebiet Regionalliga 1112"]
[Site "Nordrheinwestfalen"]
[Date "2011.12.18"]
[Round "5.2"]
[White "Goldschmidt, Christian"]
[Black "Kemna, Guido"]
[Result "1-0"]
[WhiteElo "2112"]
[BlackElo "2218"]
[PlyCount "91"]
[EventDate "2011.09.25"]
[EventType "team-tourn"]
[EventRounds "9"]
[EventCountry "GER"]
[SourceTitle "EXT 2020"]
[Source "ChessBase"]
[SourceDate "2019.10.17"]
[SourceVersion "1"]
[SourceVersionDate "2019.10.17"]
[SourceQuality "1"]
[WhiteTeam "Brackel SF"]
[BlackTeam "Welper SV"]
[WhiteTeamCountry "GER"]
[BlackTeamCountry "GER"]

1. e4 c6 2. Ne2 d5 3. e5 Bg4 4. d4 Bxe2 5. Bxe2 e6 6. 0-0 Ne7 7. f4 g6 8. Nd2 Nd7 9. Nf3 h5 10. Be3 Nf5 11. Bf2 Be7 12. Qd2 Qc7 13. b3 c5 14. c4 dxc4 15. d5 exd5 16. Qxd5 Nb6 17. Qe4 cxb3 18. Bb5+ Kf8 19. axb3 a6 20. Bd3 Ng7 21. Nh4 Rd8 22. Rad1 Qc6 23. Qe2 Nd5 24. Be4 Ne6 25. Qf3 Nd4 26. Rxd4 cxd4 27. f5 Qc3 28. Bxd5 Qxf3 29. Bxf3 g5 30. f6 Bc5 31. Nf5 b6 32. Rd1 g4 33. Bb7 a5 34. Nxd4 Kg8 35. Be4 h4 36. Rd3 Rh5 37. Nf5 Rxd3 38. Bxd3 Kf8 39. Bxc5+ bxc5 40. Kf2 Rg5 41. Ke3 g3 42. h3 Rh5 43. Kf4 Rh8 44. Ng7 Rh6 45. Bf5 Rh8 46. Ke4 1-0

[Event "Ruhrgebiet Regionalliga 1112"]
[Site "Nordrheinwestfalen"]
[Date "2011.11.27"]
[Round "4.2"]
[White "Ahling, Michael"]
[Black "Goldschmidt, Christian"]
[Result "1/2-1/2"]
[WhiteElo "2096"]
[BlackElo "2112"]
[PlyCount "94"]
[EventDate "2011.09.25"]
[EventType "team-tourn"]
[EventRounds "9"]
[EventCountry "GER"]
[SourceTitle "EXT 2020"]
[Source "ChessBase"]
[SourceDate "2019.10.17"]
[SourceVersion "1"]
[SourceVersionDate "2019.10.17"]
[SourceQuality "1"]
[WhiteTeam "Horst Emscher"]
[BlackTeam "Brackel SF"]
[WhiteTeamCountry "GER"]
[BlackTeamCountry "GER"]

1. Nf3 Nf6 2. d4 g6 3. Bf4 Bg7 4. e3 d6 5. h3 0-0 6. Be2 b6 7. 0-0 Bb7 8. Nbd2 Nbd7 9. c3 Ne4 10. Nxe4 Bxe4 11. Nd2 Bb7 12. Bf3 Bxf3 13. Qxf3 c5 14. a4 Qc7 15. Ra3 Rab8 16. Rfa1 Rfc8 17. Rb3 a6 18. Qe2 c4 19. Rb4 b5 20. axb5 axb5 21. b3 e5 22. Bg3 d5 23. bxc4 bxc4 24. Rxb8 Qxb8 25. Rb1 Qa8 26. Qf3 e4 27. Qd1 Qa5 28. Rb7 Nf6 29. Qc2 Ra8 30. Nf1 Bf8 31. Be5 Ne8 32. Qb2 f6 33. Bg3 Ba3 34. Qb5 Qxb5 35. Rxb5 Rd8 36. f3 f5 37. Kf2 Rd7 38. Ke2 Kf7 39. Kd2 Ke6 40. Be5 Ra7 41. f4 Be7 42. Kc2 Ra2+ 43. Rb2 Ra1 44. Rb1 Rxb1 45. Kxb1 h6 46. Kc2 g5 47. g4 Nd6 1/2-1/2

[Event "Ruhrgebiet Regionalliga 1011"]
[Site "Nordrheinwestfalen"]
[Date "2011.04.03"]
[Round "8.2"]
[White "Voss, Hubertus"]
[Black "Goldschmidt, Christian"]
[Result "1/2-1/2"]
[WhiteElo "2114"]
[BlackElo "2074"]
[PlyCount "60"]
[EventDate "2010.09.19"]
[EventType "team-tourn"]
[EventRounds "9"]
[EventCountry "GER"]
[SourceTitle "EXT 2020"]
[Source "ChessBase"]
[SourceDate "2019.10.17"]
[SourceVersion "1"]
[SourceVersionDate "2019.10.17"]
[SourceQuality "1"]
[WhiteTeam "Hamm SVg"]
[BlackTeam "Brackel SF"]
[WhiteTeamCountry "GER"]
[BlackTeamCountry "GER"]

1. e4 e5 2. Nf3 Nc6 3. d4 exd4 4. Bc4 Nf6 5. e5 d5 6. Bb5 Ne4 7. Nxd4 Bc5 8. Be3 Bd7 9. Bxc6 bxc6 10. 0-0 Qe7 11. Re1 0-0 12. Nd2 Nxd2 13. Qxd2 Qxe5 14. Ne6 Bxe3 15. Rxe3 Qxb2 16. Nxf8 Qxa1+ 17. Re1 Qxe1+ 18. Qxe1 Rxf8 19. Qa5 Rb8 20. h3 Rb7 21. Qa6 Rb1+ 22. Kh2 h6 23. Qxa7 Rb2 24. c3 Bf5 25. a4 Kh7 26. Qc5 Bd3 27. Qxc6 Bc4 28. Qc5 Ra2 29. Qxc7 Rxf2 30. Qe5 Rf6 1/2-1/2

[Event "Ruhrgebiet Regionalliga 1011"]
[Site "Nordrheinwestfalen"]
[Date "2011.03.06"]
[Round "7.3"]
[White "Goldschmidt, Christian"]
[Black "Dewenter, Ulf"]
[Result "1-0"]
[WhiteElo "2074"]
[BlackElo "2101"]
[PlyCount "127"]
[EventDate "2010.09.19"]
[EventType "team-tourn"]
[EventRounds "9"]
[EventCountry "GER"]
[SourceTitle "EXT 2020"]
[Source "ChessBase"]
[SourceDate "2019.10.17"]
[SourceVersion "1"]
[SourceVersionDate "2019.10.17"]
[SourceQuality "1"]
[WhiteTeam "Brackel SF"]
[BlackTeam "Weisse Dame Borbeck"]
[WhiteTeamCountry "GER"]
[BlackTeamCountry "GER"]

1. e4 Nf6 2. e5 Nd5 3. d4 d6 4. c4 Nb6 5. exd6 cxd6 6. d5 e5 7. Nc3 Be7 8. Bd3 0-0 9. Nge2 f5 10. b3 N8d7 11. 0-0 Nf6 12. a4 a5 13. f4 e4 14. Bc2 Nbd7 15. Nd4 Nc5 16. Kh1 Bd7 17. Ncb5 Kh8 18. Qe1 Rc8 19. Bd2 b6 20. Na7 Ra8 21. Nac6 Qe8 22. b4 axb4 23. Bxb4 Qf7 24. Bc3 Rfe8 25. Qe2 Ra6 26. Rfb1 Nh5 27. g3 Nf6 28. a5 bxa5 29. Nb8 Ra8 30. Nxd7 Nfxd7 31. Nb5 Rec8 32. Bxa5 Qf8 33. Bc3 Bf6 34. Qe1 Kg8 35. Rxa8 Rxa8 36. Ra1 Rc8 37. Ra7 Nb6 38. Bb4 Nxc4 39. Nc7 Qf7 40. Bxc5 dxc5 41. Bb3 Nd6 42. Nb5 Nxb5 43. Rxf7 Kxf7 44. d6+ c4 45. Qb4 cxb3 46. Qxb3+ Kg6 47. Qxb5 Rc1+ 48. Kg2 Rc2+ 49. Kf1 Rxh2 50. Qe8+ Kh6 51. Qe6 Kg6 52. g4 fxg4 53. Qxg4+ Kf7 54. Qd7+ Kg6 55. Qe6 Rd2 56. Qxe4+ Kf7 57. Qc4+ Ke8 58. Qa4+ Kf7 59. Qb3+ Kf8 60. Qe6 h5 61. d7 Be7 62. Ke1 Rd4 63. Qf5+ Kg8 64. Qxh5 1-0